Most Common Last Names in Europe - Statistics

General Stats
  • This quiz has been taken 211 times
  • The average score is 18 of 80
Answer Stats
Country Rank Name % Correct
Netherlands 10 Smit
92%
England 1 Smith
92%
France 1 Martin
65%
Spain 10 Martin
65%
England 2 Jones
63%
England 9 Johnson
62%
Germany 10 Mueller
59%
Spain 1 Garcia
56%
England 3 Williams
54%
England 4 Brown
52%
Spain 3 Rodriguez
51%
Russia 1 Ivanov/a
43%
Spain 6 Martinez
43%
Spain 5 Lopez
41%
Spain 2 Gonzalez
37%
Spain 4 Fernandez
36%
Italy 1 Rossi
35%
England 7 Wilson
34%
Spain 7 Sanchez
33%
France 8 Thomas
33%
Spain 9 Gomez
32%
France 10 Robert
31%
England 5 Taylor
30%
Ireland 8 O'Connor
29%
Germany 1 Schneider
28%
Ireland 1 Murphy
27%
Ireland 7 O'Brien
27%
Spain 8 Perez
27%
France 9 Richard
23%
France 4 Dubois
20%
Ireland 2 Kelly
20%
Germany 5 Meyer
20%
Italy 6 Romano
19%
England 10 Evans
18%
England 8 Davies
17%
Germany 2 Fischer
17%
Russia 2 Petrov/a
16%
Netherlands 2 de Jong
15%
Netherlands 4 Janssen
15%
Netherlands 5 Bakker
14%
Italy 4 Ferrari
14%
Ireland 10 O'Sullivan
14%
Italy 2 Russo
14%
France 3 Bernard
13%
France 5 Dupont
13%
Netherlands 1 Jansen
13%
Germany 9 Schulz
13%
Russia 3 Smirnov/a
13%
Germany 8 Bauer
12%
Ireland 4 Ryan
12%
Italy 3 Esposito
11%
Russia 8 Romanov/a
11%
Ireland 5 Walsh
11%
Germany 6 Becker
10%
Italy 5 Bianchi
9%
Ireland 3 Byrne
8%
France 2 Durand
8%
Italy 10 Franco
8%
Russia 5 Popov/a
8%
Germany 3 Weber
8%
Netherlands 3 de Vries
7%
Germany 7 Hoffmann
7%
France 6 Michel
7%
France 7 Petit
7%
Italy 8 Ricci
7%
Germany 4 Wagner
7%
Italy 7 Colombo
5%
Ireland 6 Doyle
5%
Italy 9 Marino
5%
England 6 Patel
5%
Netherlands 9 van Dijk
5%
Netherlands 6 Den
4%
Ireland 9 Lynch
4%
Netherlands 7 Visser
4%
Russia 6 Volkov/a
4%
Russia 4 Kuznetsov/a
3%
Russia 10 Andreev/a
2%
Russia 7 Novikov/a
1%
Netherlands 8 van den Berg
1%
Russia 9 Vasilev/a
1%
No matching quizzes found
Score Distribution
Percent of People with Each Score
Percentile by Number Answered
Your Score History
You have not taken this quiz